000 00463nam a2200169Ia 4500
003 LK-CoDNM
008 010623t1894 xxu||||| |||| 00| 1 eng d
040 _aLK-CoDNM
_dLK-CoDNM
_eLK-CoDNM
041 _aeng
080 _a50
_bA 8
245 _aORegulations of the Ceylon Medical College Guide to Students,1894-1895
260 _bG.J.A.Skeen
_aColombo
_c1894
300 _b38P., 23 cm
650 _aCivil Medical Department
650 _aHospitals
942 _cBK
999 _c83892
_d83892